000 01023cam a2200265 4500
008 000000n2000 000 0 eng u
020 _a190281858X
035 _a(Sirsi) u109258
041 _aeng
050 _a333.00711
110 _aRoyal Institution of Chartered Surveyors
_94900
245 4 _aThe RICS prospectus of surveying education : higer education courses in land, property & construction.
250 _a4th ed.
260 _aWallingford, Oxon.
_bGTI Specialist Publishers Ltd.
_c2000
300 _a80p. ; 21cm.
350 _a0
520 _aFeatures a listing of over 180 RICS accredited courses worldwide: information on undergraduate and postgraduate courses of interest to students and professionals. SUPERSEDED BY 5TH ED. (ISBN: 1843180146 - LIBRARY 2001/63)
650 _aHIGHER EDUCATION
650 _aPOSTGRADUATE COURSES
650 _aRICS ACCREDITED COURSES
650 _aSURVEYING COURSES
650 _aCAREERS, EDUCATION AND TRAINING
690 _aEDUCATION-CAREERS
942 _n0
999 _c100920
_d100920